000 00374nam a2200145Ia 4500
008 231129s2010||||xx |||||||||||||| ||spa||
020 _a978-84-670-3516-2
040 _bspa
082 _a Pe863.44 V297c
100 _aVargas Llosa Mario
245 0 _aLos Cachorros Los jefes
260 _c2010
264 _aEspasa
942 _2ddc
_cBKS
999 _c19522
_d19522